000 02133nam a2200361 i 4500
001 194045
003 ES-GrU
005 20260114063026.0
007 ta
008 240215s2023 sp f 000p0 spa|d
017 _aB 19367-2023
_bBiblioteca de Catalunya
020 _a9788419743916
040 _aUGR
_erda
_bspa
_cES-MaACL
080 _a1
100 1 _aNarbona, Rafael,
_d1963-
_eaut
_9242686
245 1 0 _aMaestros de la felicidad :
_bde Sócrates a Viktor Frankl, un viaje único por la historia de la filosofía /
_cRafael Narbona
250 _aPrimera edición: enero de 2024.
264 1 _aBarcelona :
_bRoca Editorial de Libros,
_c2023
264 4 _c ©2023
300 _a540 páginas ;
_c23 cm
336 _atexto
_btxt
_2rdacontent
337 _asin mediación
_bn
_2rdamedia
338 _avolumen
_bnc
_2rdacarrier
520 3 _aSinopsis: A lo largo de mi vida, mis terapeutas han sido Platón, Sócrates, Marco Aurelio, san Agustín y Viktor Frankl, entre otros. También pueden ser los tuyos.La razón me reveló que la tristeza es un desperdicio y que la inteligencia siempre tiende a la alegría. El pesimismo no es más que una perspectiva parcial y frente a él, el amor cura e invita al optimismo.Esto es lo que quiero compartir contigo: que el ser humano puede elegir, que no es una marioneta en manos de la fatalidad, que es posible encontrar esperanza, que el dolor psíquico puede superarse y que el optimismo no es signo de ingenuidad, sino un ejercicio de lucidez.Y la filosofía, lejos de ser una disciplina acabada, es la herramienta que nos ayuda a vivir mejor.
_2(Fuente: la editorial)
650 7 _aFilosofía-
_9158248
_vHistoria
852 _aES-MaACL
_bR.155060
_cDEPOJ
_jN-10127
_xEncuadernación rústica con solapas
_hDonación: Rafael Narbona
_9202183
_dDB-11
_gDedicatoria autógrafa del autor
903 _aNarbona, Rafael,
_d1963-
_ednr
_9242686
942 _cMONOGRAFIA
_n0
999 _c194045
_d194045